| 000 | 01619cam a22003371 4500 | ||
|---|---|---|---|
| 001 | gs 39000125 | ||
| 003 | DLC | ||
| 005 | 20260227111344.0 | ||
| 008 | 850912s1938 mx ab 000 0 spa | ||
| 010 | _ags 39000125 | ||
| 035 | _a(OCoLC)14045533 | ||
| 040 |
_aDLC _cMnU _dDLC |
||
| 042 | _apremarc | ||
| 043 | _an-mx--- | ||
| 050 | 0 | 0 |
_aQE203.H3 _bM4 |
| 110 | 2 |
_aUniversidad Nacional de México. _bInstituto de Geología. |
|
| 245 | 1 | 0 | _aMemoria de la Comisión geológica del Valle del Mezquital, Hgo. |
| 260 |
_aMéxico, _bD.A.P.P., _c1938. |
||
| 300 |
_axi, 239, [2] p., 1 . _bincl. illus. (incl. plans) tables. 7 fold. maps (in separate envelope, laid in) diagrs. (1 fold.) _c23cm. |
||
| 500 | _aAt head of title: Universidad nacional de México. Instituto de geología. Director del Instituto: Ing. Manuel Santillán. | ||
| 505 | 0 | _aFisiografía e hidrografía, por Luis Blásquez L.--Geología, por Luis Blásquez L. (Paleontología, por F. K. G. Müllerried)--Hidrogeología, por Luis Blásquez L.--Criaderos de minerales metálicos, por T. Flores.--Yacimientos minerales no-metálicos, por Raúl Lozano García.--Agrogeología, por Rafael Ortiz Mena. | |
| 650 | 0 |
_aGeology _zMexico _zHidalgo (State) |
|
| 650 | 0 |
_aMines and mineral resources _zMexico _zHidalgo (State) |
|
| 650 | 0 |
_aWater-supply _zMexico _zHidalgo (State) |
|
| 700 | 2 |
_aBlásquez Lopez, Luis, _d1900- |
|
| 700 | 1 |
_aMüllerried, Friedrich Karl Gustav, _d1891- |
|
| 700 | 1 | _aFlores, Teodoro. | |
| 700 | 2 | _aLozano Garcia, Raúl. | |
| 700 | 2 | _aOrtiz Mena, Rafael. | |
| 710 | 2 | _aComisión geológia del Valle del Mezquital, Hidalgo. | |
| 999 |
_c27536 _d27536 |
||